ბათუმის შოთა რუსთაველის სახელმწიფო უნივერსიტეტის ბიბლიოთეკა

Jane Eyre. (ბიბ.ჩანაწერი № 45775)

000 -LEADER
fixed length control field 00736nam a2200265Ia 4500
001 - CONTROL NUMBER
control field 12602
003 - CONTROL NUMBER IDENTIFIER
control field GE_BSU
008 - FIXED-LENGTH DATA ELEMENTS--GENERAL INFORMATION
fixed length control field 181216s||||||||xx |||||||||||||| ||und||
020 ## - INTERNATIONAL STANDARD BOOK NUMBER
International Standard Book Number 9780192815132
040 ## - CATALOGING SOURCE
Transcribing agency GE_BSU
080 ## - UNIVERSAL DECIMAL CLASSIFICATION NUMBER
Universal Decimal Classification number 821.111-32
100 ## - MAIN ENTRY--PERSONAL NAME
Personal name Bronte,Charlotte.
245 ## - TITLE STATEMENT
Title Jane Eyre.
245 ## - TITLE STATEMENT
Remainder of title Novel
245 ## - TITLE STATEMENT
Statement of responsibility, etc. Edited With an Introduction by Margaret Smith.
260 ## - PUBLICATION, DISTRIBUTION, ETC.
Place of publication, distribution, etc. New York.
260 ## - PUBLICATION, DISTRIBUTION, ETC.
Name of publisher, distributor, etc. Oxford University Press.
260 ## - PUBLICATION, DISTRIBUTION, ETC.
Date of publication, distribution, etc. 1993
300 ## - PHYSICAL DESCRIPTION
Extent 496p;18cm.
300 ## - PHYSICAL DESCRIPTION
Other physical details +1CD mp3.
653 ## - INDEX TERM--UNCONTROLLED
Uncontrolled term Jane Eyre.
653 ## - INDEX TERM--UNCONTROLLED
Uncontrolled term წარმოადგენს ერთ-ერთ ყველაზე ცნობილ ინგლისურ რომანს
942 ## - ADDED ENTRY ELEMENTS (KOHA)
Koha item type წიგნი
ეგზემპლარები
Withdrawn status Lost status Damaged status Not for loan Date acquired Barcode Date last seen Price effective from Koha item type
        2018-12-17 47946 2018-12-17 2018-12-17 წიგნი